|
|
|
|
| LEADER |
00840nam a2200241 i 4500 |
| 001 |
c000077011 |
| 003 |
CARM |
| 005 |
00000000000000.0 |
| 008 |
770107s1976 enk 00011 eng d |
| 015 |
|
|
|a B7701785
|
| 019 |
1 |
|
|a 3414472
|5 LACONCORD2021
|
| 020 |
|
|
|a 0709154720 :
|c L.3.25
|
| 035 |
|
|
|a (OCoLC)16374540
|5 LACONCORD2021
|
| 100 |
1 |
|
|a Blanshard, Audrey.
|
| 245 |
1 |
0 |
|a Granborough's filly /
|c Audrey Blanshard.
|
| 260 |
|
|
|a London :
|b Hale,
|c 1976.
|
| 300 |
|
|
|a 176 p. ;
|c 21cm.
|
| 500 |
|
|
|a Fiction in English, 1900-. Texts (BNB/PRECIS)
|
| 650 |
|
0 |
|a English fiction.
|
| 852 |
8 |
|
|b CARM
|h A2:AB15B0
|i B02612
|p 0104886
|f BK
|
| 082 |
0 |
4 |
|a 823/.9/1
|2 18
|
| 999 |
f |
f |
|i a7112125-440b-5629-bf74-1d2edc162903
|s 4d058329-a636-58cc-8b08-386f502c700d
|
| 952 |
f |
f |
|p Can circulate
|a CAVAL
|b CAVAL
|c CAVAL
|d CARM 1 Store
|e B02612
|f A2:AB15B0
|h Other scheme
|i book
|m 0104886
|